[Event "Serbia op-A"]
[Site "Belgrade"]
[Date "2025.07.14"]
[Round "6"]
[White "Ilbasmis, Kayra"]
[Black "Praveen, KB."]
[Result "1/2-1/2"]
[WhiteElo "1992"]
[BlackElo "2149"]
[PlyCount "92"]
[EventDate "2025.07.14"]
[EventType "swiss"]
[EventRounds "9"]
[EventCountry "SRB"]
[SourceTitle "CB30_2025"]
[SourceDate "2025.07.23"]
[SourceVersion "1"]
[SourceVersionDate "2025.07.23"]
[SourceQuality "1"]

1. d4 d5 2. c4 c6 3. Nf3 Nf6 4. Nc3 e6 5. Bg5 Be7 6. e3 Nbd7 7. Bd3 h6 8. Bh4 0-0 9. 0-0 dxc4 10. Bxc4 b5 11. Bd3 Bb7 12. Rc1 a6 13. Bxf6 Bxf6 14. Ne4 Be7 15. Nc5 Nxc5 16. dxc5 Qd5 17. Bb1 Qxd1 18. Rfxd1 Rfd8 19. b4 Bf6 20. Rd6 Rxd6 21. cxd6 Rd8 22. e4 e5 23. Rd1 Bc8 24. Rd3 Be6 25. Nd2 g5 26. a3 Bg7 27. Bc2 Bf8 28. Bb3 Bxb3 29. Nxb3 Rxd6 30. Rxd6 Bxd6 31. Kf1 Kf8 32. Ke2 Ke7 33. Kf3 h5 34. h3 Bc7 35. Ke2 Bb6 36. f3 Kd6 37. g4 h4 38. Kd3 c5 39. Kc3 c4 40. Nc1 Bf2 41. Na2 a5 42. Kc2 Kc6 43. Nc3 Bg3 44. Nd5 Be1 45. Nc3 Kb6 46. Nd5+ Kc6 1/2-1/2

[Event "Pozarevac Rudar IM 04"]
[Site "Pozarevac"]
[Date "2025.04.14"]
[Round "9"]
[White "Praveen, KB."]
[Black "Khodko, Yurii N"]
[Result "1/2-1/2"]
[WhiteElo "2032"]
[BlackElo "2335"]
[PlyCount "95"]
[EventDate "2025.04.07"]
[EventType "tourn"]
[EventRounds "9"]
[EventCountry "SRB"]
[SourceTitle "CB20_2025"]
[SourceDate "2025.05.14"]
[SourceVersion "1"]
[SourceVersionDate "2025.05.14"]
[SourceQuality "1"]

1. d4 Nf6 2. Bf4 g6 3. Nc3 d5 4. Nb5 Na6 5. e3 Bg7 6. h3 0-0 7. Nf3 Ne4 8. a3 c5 9. c3 Bd7 10. a4 c4 11. b3 Qa5 12. Rc1 Bxb5 13. axb5 Qxb5 14. bxc4 dxc4 15. Qc2 Qd5 16. Ne5 b5 17. f3 Nec5 18. Be2 Nb3 19. Rd1 Nb8 20. e4 Qb7 21. h4 Nd7 22. Ng4 h5 23. Ne3 e5 24. dxe5 Nxe5 25. Rd5 Nd7 26. g4 Nf6 27. gxh5 Nxd5 28. Nxd5 f5 29. hxg6 Rae8 30. h5 fxe4 31. fxe4 Rxf4 32. Nxf4 Rxe4 33. 0-0 Qe7 34. Bg4 Bh6 35. Be6+ Rxe6 36. Nxe6 Qxe6 37. Qg2 Qb6+ 38. Rf2 Qd8 39. Qg4 Qg5 40. Qxg5 Bxg5 41. Rf5 Be3+ 42. Kg2 b4 43. Re5 Bh6 44. Re8+ Kg7 45. cxb4 c3 46. Rc8 Bd2 47. Rc7+ Kg8 48. Rc8+ 1/2-1/2

[Event "Pozarevac Rudar IM 04"]
[Site "Pozarevac"]
[Date "2025.04.09"]
[Round "3"]
[White "Damljanovic, Branko"]
[Black "Praveen, KB."]
[Result "1-0"]
[WhiteElo "2381"]
[BlackElo "2032"]
[PlyCount "83"]
[EventDate "2025.04.07"]
[EventType "tourn"]
[EventRounds "9"]
[EventCountry "SRB"]
[SourceTitle "CB20_2025"]
[SourceDate "2025.05.14"]
[SourceVersion "1"]
[SourceVersionDate "2025.05.14"]
[SourceQuality "1"]

1. d4 d5 2. c4 c6 3. Nf3 Nf6 4. Nbd2 Bf5 5. Nh4 Bg6 6. Nxg6 hxg6 7. g3 e6 8. Bg2 dxc4 9. Nxc4 Bb4+ 10. Kf1 Be7 11. h4 Nbd7 12. e4 b5 13. Ne3 Rc8 14. e5 Nd5 15. Nxd5 cxd5 16. Qd3 a6 17. Bf3 Qc7 18. Kg2 Nb6 19. Be2 Qc2 20. Qxc2 Rxc2 21. Bd3 Rc6 22. b3 Rc3 23. Rd1 0-0 24. Kf1 Ra8 25. Ke2 b4 26. Bd2 Rcc8 27. Rh1 f5 28. g4 Kf7 29. h5 gxh5 30. gxf5 Rh8 31. fxe6+ Kxe6 32. Rag1 Kf7 33. Bg6+ Kf8 34. Bxh5 a5 35. Rh3 Kg8 36. Rgh1 a4 37. Bf7+ Kxf7 38. Rxh8 Ra6 39. Rb8 axb3 40. axb3 Nd7 41. Rb7 Ke6 42. f4 1-0

[Event "Pozarevac Rudar IM 03"]
[Site "Pozarevac"]
[Date "2025.04.03"]
[Round "6"]
[White "Praveen, KB."]
[Black "Zheng, Harry Z"]
[Result "1-0"]
[WhiteElo "2022"]
[BlackElo "2210"]
[PlyCount "67"]
[EventDate "2025.03.30"]
[EventType "tourn"]
[EventRounds "9"]
[EventCountry "SRB"]
[SourceTitle "CB15_2025"]
[SourceDate "2025.04.09"]
[SourceVersion "1"]
[SourceVersionDate "2025.04.09"]
[SourceQuality "1"]

1. d4 Nf6 2. Bf4 d5 3. e3 e6 4. Nf3 c5 5. c3 Bd6 6. Bg3 0-0 7. Nbd2 Qc7 8. Ne5 Nc6 9. f4 Ne4 10. Bd3 f5 11. a4 Qb6 12. Rb1 Be7 13. Ndf3 Qd8 14. 0-0 Bd7 15. Be1 Be8 16. b4 c4 17. Bxe4 fxe4 18. Nxc6 bxc6 19. Ne5 a5 20. Rf2 Bf6 21. Ng4 Be7 22. Rfb2 Kh8 23. Ne5 Bd6 24. bxa5 Bxe5 25. dxe5 Qxa5 26. Rb7 Qc5 27. Bf2 Ra7 28. Qg4 Bd7 29. Rb8 Rxa4 30. h4 h6 31. R1b7 Ra1+ 32. Kh2 Rf1 33. Rxd7 g5 34. Qxe6 1-0

[Event "Ceske Budejovice op"]
[Site "Ceske Budejovice"]
[Date "2024.07.06"]
[Round "8"]
[White "Praveen, KB."]
[Black "Svacina, Tobias"]
[Result "1-0"]
[WhiteElo "1771"]
[BlackElo "2127"]
[PlyCount "111"]
[EventDate "2024.06.29"]
[EventType "swiss"]
[EventRounds "9"]
[EventCountry "CZE"]
[SourceTitle "CBM 221 Extra"]
[Source "ChessBase"]
[SourceDate "2024.09.30"]
[SourceVersion "1"]
[SourceVersionDate "2024.09.30"]
[SourceQuality "1"]

1. d4 Nf6 2. Bf4 c5 3. e3 Nd5 4. Bg3 Qb6 5. Nc3 Nxc3 6. bxc3 g6 7. Bd3 Bg7 8. Ne2 0-0 9. 0-0 d5 10. c4 cxd4 11. exd4 dxc4 12. Bxc4 Qc6 13. Bd3 Nd7 14. c3 e5 15. Qb3 a6 16. f3 exd4 17. cxd4 Qb6 18. Qxb6 Nxb6 19. Rab1 Nd5 20. Be4 Rd8 21. Rfc1 f5 22. Bxd5+ Rxd5 23. Rc7 Rd7 24. Rbxb7 Rxc7 25. Rxc7 Be6 26. a4 a5 27. Be5 Bf8 28. h4 Rc8 29. Ra7 Rc4 30. Rxa5 Bd7 31. Ra8 Rxa4 32. Rd8 Bc6 33. Bd6 Ra8 34. Rxa8 Bxa8 35. Bxf8 Kxf8 36. Kf2 Ke7 37. Ke3 Kd6 38. Nc3 h6 39. Kf4 Ke6 40. g4 fxg4 41. fxg4 h5 42. gxh5 gxh5 43. Ne4 Kd5 44. Ke3 Ke6 45. Ng3 Kf6 46. Kf4 Kg6 47. Ke5 Bf3 48. Ne4 Bd1 49. Ng5 Bb3 50. Ne6 Kf7 51. Nf4 Bd1 52. d5 Ke7 53. d6+ Kd7 54. Nd5 Bg4 55. Nf6+ Kc6 56. Nxh5 1-0

[Event "Ceske Budejovice op"]
[Site "Ceske Budejovice"]
[Date "2024.07.03"]
[Round "5"]
[White "Steiner, Bruno"]
[Black "Praveen, KB."]
[Result "1-0"]
[WhiteElo "2087"]
[BlackElo "1771"]
[PlyCount "99"]
[EventDate "2024.06.29"]
[EventType "swiss"]
[EventRounds "9"]
[EventCountry "CZE"]
[SourceTitle "CBM 221 Extra"]
[Source "ChessBase"]
[SourceDate "2024.09.30"]
[SourceVersion "1"]
[SourceVersionDate "2024.09.30"]
[SourceQuality "1"]

1. c4 Nf6 2. Nc3 e5 3. g3 d5 4. cxd5 Nxd5 5. Bg2 Nxc3 6. bxc3 c6 7. Nf3 Bd6 8. 0-0 0-0 9. d4 Qe7 10. Qc2 Nd7 11. Re1 Nf6 12. e4 Bg4 13. dxe5 Bxe5 14. Nxe5 Qxe5 15. Rb1 b6 16. c4 Rfd8 17. f4 Qa5 18. Be3 Qh5 19. Rbc1 Bf3 20. h3 Bxg2 21. Kxg2 c5 22. Bf2 Ne8 23. Rcd1 Qg6 24. Kh2 Qc6 25. Qe2 Nc7 26. f5 f6 27. g4 Qe8 28. Bg3 Na6 29. h4 Qe7 30. a3 Nc7 31. e5 fxe5 32. Qxe5 Qxe5 33. Bxe5 Ne8 34. Kg3 Nf6 35. Kf4 Kf7 36. g5 Ng8 37. h5 Ne7 38. g6+ hxg6 39. hxg6+ Kg8 40. Rxd8+ Rxd8 41. Bc7 Rd7 42. Bd6 Rxd6 43. Rxe7 Rd8 44. Rxa7 Rb8 45. Ke5 Kf8 46. Kd6 Rd8+ 47. Rd7 Ra8 48. Rf7+ Kg8 49. Rb7 Rd8+ 50. Ke7 1-0

[Event "Ceske Budejovice op"]
[Site "Ceske Budejovice"]
[Date "2024.07.01"]
[Round "3"]
[White "Schnider, Gert"]
[Black "Praveen, KB."]
[Result "1-0"]
[WhiteElo "2371"]
[BlackElo "1771"]
[PlyCount "143"]
[EventDate "2024.06.29"]
[EventType "swiss"]
[EventRounds "9"]
[EventCountry "CZE"]
[SourceTitle "CBM 221 Extra"]
[Source "ChessBase"]
[SourceDate "2024.09.30"]
[SourceVersion "1"]
[SourceVersionDate "2024.09.30"]
[SourceQuality "1"]

1. d4 d5 2. c4 c6 3. Nf3 Nf6 4. e3 Bf5 5. Nc3 e6 6. Nh4 Bg6 7. Qb3 Qc7 8. Nxg6 hxg6 9. Bd2 Nbd7 10. h3 Ne4 11. Nxe4 dxe4 12. 0-0-0 Nf6 13. Kb1 0-0-0 14. Be2 Be7 15. Rc1 e5 16. Qc3 exd4 17. exd4 c5 18. Be3 cxd4 19. Bxd4 Bc5 20. Be5 Bd6 21. Bd4 Bc5 22. Be5 Bd6 23. Bxd6 Qxd6 24. c5 Qc7 25. c6 Kb8 26. Qb4 b6 27. Rc2 Rd6 28. Rhc1 Rhd8 29. a3 Rd4 30. Qc3 Rd3 31. Qe1 R3d4 32. Rc4 Rxc4 33. Bxc4 Rd6 34. Bb5 a6 35. Bxa6 Rxc6 36. Rxc6 Qxc6 37. Qb4 Nd5 38. Qf8+ Ka7 39. Be2 Qf6 40. Bc4 e3 41. fxe3 Nxe3 42. Qxf7+ Qxf7 43. Bxf7 g5 44. g3 Kb8 45. Ka2 Kc7 46. Kb3 Kd6 47. Kb4 Nd1 48. Bc4 Nf2 49. Bf1 g4 50. hxg4 Nxg4 51. Kb5 Kc7 52. Be2 Ne3 53. g4 g5 54. Bf3 Nf1 55. a4 Nd2 56. Bg2 Nb3 57. Kc4 Nc5 58. a5 Nd7 59. a6 Kb8 60. Kd4 Ka7 61. Bf1 Nf6 62. Be2 b5 63. Ke5 Nd7+ 64. Kd6 Nf6 65. Ke6 Ne8 66. Kf5 Kxa6 67. Kxg5 Ka5 68. Kh6 Kb4 69. Bd1 Kc4 70. g5 Kd3 71. b3 Kc3 72. g6 1-0

[Event "Znojmo Rotunda op"]
[Site "Znojmo"]
[Date "2024.06.25"]
[Round "4"]
[White "Praveen, KB."]
[Black "Manik, Mikulas"]
[Result "0-1"]
[WhiteElo "1771"]
[BlackElo "2343"]
[PlyCount "124"]
[EventDate "2024.06.23"]
[EventType "swiss"]
[EventRounds "9"]
[EventCountry "CZE"]
[SourceTitle "CBM 221 Extra"]
[Source "ChessBase"]
[SourceDate "2024.09.30"]
[SourceVersion "1"]
[SourceVersionDate "2024.09.30"]
[SourceQuality "1"]

1. d4 Nf6 2. Bf4 c5 3. e3 Qb6 4. Nc3 d6 5. Rb1 Nbd7 6. Nf3 g6 7. Be2 Bg7 8. h3 0-0 9. 0-0 a6 10. Re1 Qc7 11. a4 Nb6 12. Bh2 cxd4 13. exd4 Re8 14. Bd3 Bd7 15. Ra1 Rac8 16. a5 Nc4 17. Bxc4 Qxc4 18. Ne5 dxe5 19. dxe5 Bc6 20. exf6 exf6 21. Qg4 Qc5 22. Red1 f5 23. Qh4 Be4 24. Nxe4 Rxe4 25. Rd8+ Bf8 26. Qf6 Re6 27. Rxc8 Qxc8 28. Qd4 Qxc2 29. Be5 Qc5 30. Qxc5 Bxc5 31. Bc3 Kf8 32. Kf1 Ke8 33. Ra4 Re4 34. Ra1 h5 35. Rd1 Bb4 36. Bf6 Bxa5 37. g3 Re6 38. Bg5 f6 39. Bf4 Bd8 40. Be3 Bc7 41. Kg2 Bb6 42. Bxb6 Rxb6 43. Rd2 Rb3 44. h4 a5 45. Kf1 a4 46. Ke2 b5 47. Kd1 b4 48. Kc2 Rf3 49. Kd1 a3 50. bxa3 bxa3 51. Ke2 Rb3 52. Rd6 a2 53. Ra6 Rb2+ 54. Kf3 Kd7 55. Ke3 Kc7 56. f4 Kb7 57. Ra5 Kb6 58. Ra8 Kc5 59. Rc8+ Kb4 60. Rb8+ Kc3 61. Rc8+ Kb3 62. Ra8 Rb1 0-1

[Event "Bhubaneswar op-A 14th"]
[Site "Bhubaneswar"]
[Date "2023.06.16"]
[Round "8"]
[White "Praveen, KB."]
[Black "Vedant, Garg"]
[Result "1-0"]
[WhiteElo "1544"]
[BlackElo "1645"]
[PlyCount "145"]
[EventDate "2023.06.11"]
[EventType "swiss"]
[EventRounds "10"]
[EventCountry "IND"]
[SourceTitle "CBM 214 Extra"]
[Source "ChessBase"]
[SourceDate "2023.07.31"]
[SourceVersion "1"]
[SourceVersionDate "2023.07.31"]
[SourceQuality "1"]

1. d4 d5 2. Bf4 c5 3. e3 Nc6 4. c3 Nf6 5. Nf3 Qb6 6. Qb3 c4 7. Qxb6 axb6 8. Na3 Bf5 9. Nb5 Ra5 10. a4 e6 11. Be2 Be7 12. h3 0-0 13. 0-0 Bc2 14. Bd1 Bxd1 15. Rfxd1 Rfa8 16. Nc7 Rc8 17. Ra2 Ne8 18. Nb5 Na7 19. Nxa7 Rxa7 20. Rda1 Rca8 21. e4 b5 22. exd5 exd5 23. Re1 Bf8 24. a5 f6 25. b4 Kf7 26. Rae2 Ra6 27. Nd2 g5 28. Bh2 b6 29. axb6 Rxb6 30. Nf1 Rba6 31. Ne3 Rd8 32. Nf5 Ra3 33. Re3 Ng7 34. Nxg7 Kxg7 35. g4 Rda8 36. Kg2 Rb3 37. Rf3 Raa3 38. Re6 Rxc3 39. Rfxf6 Ra8 40. Be5 Kg8 41. Rf5 h6 42. h4 Rca3 43. hxg5 R3a6 44. Rxa6 Rxa6 45. gxh6 Bxh6 46. g5 Bg7 47. Bxg7 Kxg7 48. Kf3 Ra4 49. Rxd5 Rxb4 50. Ke4 Rb3 51. Rc5 c3 52. d5 b4 53. d6 Rb2 54. Rc4 Re2+ 55. Kf3 Rd2 56. Rxb4 Rxd6 57. Rc4 Kg6 58. Kg4 Rd2 59. Rc6+ Kg7 60. Rc7+ Kg6 61. f4 Rg2+ 62. Kh3 Rf2 63. Kg3 Rc2 64. Kg4 Rg2+ 65. Kf3 Rh2 66. Rc6+ Kg7 67. Kg3 Rc2 68. Kg4 Rg2+ 69. Kf5 c2 70. Rc7+ Kg8 71. Kf6 Rg4 72. f5 c1Q 73. Rxc1 1-0

[Event "Hosur op 3rd"]
[Site "Hosur"]
[Date "2023.02.02"]
[Round "3"]
[White "Ayushh, Ravikumar"]
[Black "Praveen, KB."]
[Result "1-0"]
[WhiteElo "2032"]
[BlackElo "1532"]
[PlyCount "133"]
[EventDate "2023.02.01"]
[EventType "swiss"]
[EventRounds "9"]
[EventCountry "IND"]
[SourceTitle "CBM 212 Extra"]
[Source "ChessBase"]
[SourceDate "2023.03.31"]
[SourceVersion "1"]
[SourceVersionDate "2023.03.31"]
[SourceQuality "1"]

1. d4 d5 2. c4 e6 3. Nc3 Nf6 4. Bg5 Be7 5. e3 Ne4 6. Bxe7 Qxe7 7. Nf3 c6 8. Qc2 Nd7 9. Bd3 f5 10. 0-0 0-0 11. Rab1 Kh8 12. b4 e5 13. Nd1 Nxf2 14. Rxf2 e4 15. Be2 exf3 16. Bxf3 dxc4 17. Qxc4 Nb6 18. Qc5 Qe8 19. b5 cxb5 20. Qxb5 Bd7 21. Qd3 Rb8 22. Rc2 Ba4 23. Rc5 Bxd1 24. Rxd1 Qe6 25. Qb3 Qd7 26. Rdc1 Rbc8 27. g3 h6 28. a4 f4 29. gxf4 Rxc5 30. dxc5 Nc8 31. Bxb7 Re8 32. Bg2 Qg4 33. Qd3 Ne7 34. Qe4 Qc8 35. Qb7 Qe6 36. e4 Qg4 37. Rf1 Ng6 38. e5 Nxf4 39. Qf3 Qxg2+ 40. Qxg2 Nxg2 41. Kxg2 Rxe5 42. Rc1 Re8 43. c6 Kg8 44. Kf3 Kf7 45. Kf4 Kf6 46. c7 Rc8 47. Rc6+ Ke7 48. Kf5 Kd7 49. Rc2 g5 50. Kg6 g4 51. Kxh6 Kd6 52. Kh5 Kd7 53. Kxg4 Rg8+ 54. Kf5 Kc8 55. Rc4 Rf8+ 56. Kg6 Rg8+ 57. Kf7 Rg2 58. h4 Rf2+ 59. Kg6 Rg2+ 60. Kh6 Rg1 61. h5 Rg2 62. Kh7 Rg1 63. h6 Rg2 64. Rc6 Rg4 65. Rg6 Rxa4 66. Kg8 Re4 67. h7 1-0